Blood of my blood #3 / Barry Lyga.
Available copies
- 1 of 1 copy available at LARL/NWRL Consortium.
- 1 of 1 copy available at Lake Agassiz Regional Library. (Show preferred library)
Current holds
0 current holds with 1 total copy.
Show Only Available Copies
| Location | Call Number / Copy Notes | Barcode | Shelving Location | Status | Due Date |
|---|---|---|---|---|---|
| Moorhead Public Library | Y LYG (Text) | 33500011942844 | Main | Available | - |
Record details
- ISBN: 9780316198707 (hbk.)
- ISBN: 0316198706 (hbk.)
- Physical Description: 472 pages ; 22 cm
- Edition: First edition.
- Publisher: New York : Little, Brown and Company, 2014.
Content descriptions
| General Note: | "The conclusion to the I hunt killers trilogy"--Jacket. |
| Summary, etc.: | Jazz Dent, who has been shot and left to die in ... Read More |
Search for related items by subject
| Genre: | Mystery fiction. |
Search for related items by series
| LDR | 02412cam a2200553 i 4500 | ||
|---|---|---|---|
| 001 | 172777 | ||
| 003 | LARL_NWRL_CONSORTIUM | ||
| 005 | 20141125091353.0 | ||
| 008 | 140305s2014 nyu d 000 1 eng | ||
| 019 | . | ‡a868044922 | |
| 020 | . | ‡a9780316198707 (hbk.) | |
| 020 | . | ‡a0316198706 (hbk.) | |
| 020 | . | ‡z9780316333498 (ebook) | |
| 035 | . | ‡a(OCoLC)868040484 ‡z(OCoLC)868044922 | |
| 043 | . | ‡an-us-ny | |
| 082 | 0 | 0. | ‡a[Fic] ‡223 |
| 084 | . | ‡aJUV028000 ‡aJUV005000 ‡aJUV013000 ‡2bisacsh | |
| 100 | 1 | . | ‡aLyga, Barry, ‡eauthor. ‡0(LARL_NWRL_CONSORTIUM)192063 |
| 245 | 1 | 0. | ‡aBlood of my blood ‡n#3 / ‡cBarry Lyga. |
| 250 | . | ‡aFirst edition. | |
| 260 | . | ‡aNew York : ‡bLittle, Brown and Company, ‡c2014. | |
| 300 | . | ‡a472 pages ; ‡c22 cm | |
| 336 | . | ‡atext ‡2rdacontent | |
| 337 | . | ‡aunmediated ‡2rdamedia | |
| 338 | . | ‡avolume ‡2rdacarrier | |
| 490 | 0 | . | ‡aJasper Dent ; ‡v3 |
| 490 | 0 | . | ‡aI hunt killers ; ‡v3 |
| 500 | . | ‡a"The conclusion to the I hunt killers trilogy"--Jacket. | |
| 520 | . | ‡aJazz Dent, who has been shot and left to die in New York City, his girlfriend, Connie, who is in the clutches of Jazz's serial killer father, Billy, and his best friend, Howie, who is bleeding to death on the floor of Jazz's own home in tiny Lobo's Nod, must all rise above the horrors their lives have become and find a way to come together in pursuit of Billy. | |
| 650 | 0. | ‡aSerial murderers ‡vFiction. ‡0(LARL_NWRL_CONSORTIUM)167313 | |
| 650 | 0. | ‡aFathers and sons ‡vFiction. ‡0(LARL_NWRL_CONSORTIUM)164946 | |
| 651 | 0. | ‡aNew York (N.Y.) ‡vFiction. ‡0(LARL_NWRL_CONSORTIUM)166410 | |
| 650 | 1. | ‡aSerial murderers ‡vFiction. ‡0(LARL_NWRL_CONSORTIUM)167313 | |
| 650 | 1. | ‡aFathers and sons ‡vFiction. ‡0(LARL_NWRL_CONSORTIUM)164946 | |
| 650 | 1. | ‡aMystery and detective stories. ‡0(LARL_NWRL_CONSORTIUM)176113 | |
| 651 | 1. | ‡aNew York (N.Y.) ‡vFiction. ‡0(LARL_NWRL_CONSORTIUM)166410 | |
| 650 | 7. | ‡aJUVENILE FICTION / Mysteries & Detective Stories. ‡2bisacsh | |
| 650 | 7. | ‡aJUVENILE FICTION / Boys & Men. ‡2bisacsh | |
| 650 | 7. | ‡aJUVENILE FICTION / Family / General (see also headings under Social Issues). ‡2bisacsh | |
| 655 | 7. | ‡aMystery fiction. ‡2gsafd | |
| 901 | . | ‡a172777 ‡bOCLC ‡c172777 ‡tbiblio | |

Add to basket
Permalink
Disable Highlighting